000 00442nam a2200181Ia 4500
005 20250423095431.0
008 250422s9999 xx 000 0 und d
020 _a9789789602599
050 _aHF 5635 .O35/
100 _aOfili, Ugwudioha M.
245 0 _aFundamentals of accounting
260 _aNigeria
260 _bM. O. Press & Publishers Ltd.
260 _c2017
300 _a306 p
650 _a Accounting
942 _cBK
999 _c30262
_d30262